000 00585nam a2200205Ia 4500
003 GCL
008 140319s9999 xx 000 0 ara d
040 _aGCL /
_cGCL
082 0 4 _a301.01
_bص ف
100 1 _aصلاح قنصوة
245 1 0 _aفى فلسفة العلوم الاجتماعية /
_cصلاح قنصوة
260 _a[S.N] :
_bمكتبة الانجلوالمصرية ،
_c1987
300 _a245 ص
490 _a
650 0 4 _aالمناهج
650 0 4 _aفلسفة
650 0 4 _aالاجتماع
650 0 4 _aالبحث الاجتماعى
942 _2ddc
_cBK
999 _c29531
_d29531